| 000 | 00310nam a22001097a 4500 | ||
|---|---|---|---|
| 082 | _a629.224 BED'V | ||
| 100 |
_aVAXUHAKK MOTOR _976972 |
||
| 245 | _aBEDFORD TJ AND TK SUPPLEMENT SERVICE TRAINIG MANUAL STEERING GEAR FRONT AXLE BRAKES | ||
| 260 |
_aENGLAND _bVAXUHAKK MOTOR _c1968 |
||
| 300 | _a33P | ||
| 942 | _cBK | ||
| 999 |
_c582286 _d582286 |
||